|
|
|
|
| LEADER |
01289nam a22003495i 4500 |
| 001 |
41995 |
| 003 |
BD-DhAAL |
| 005 |
20231218103436.0 |
| 008 |
231217t2023 cau 000 0 eng |
| 010 |
|
|
|a 2022951337
|
| 020 |
|
|
|a 9781529601411
|
| 020 |
|
|
|a 9781529601404
|
| 020 |
|
|
|z 9781529612622
|
| 020 |
|
|
|z 9781529612615
|
| 040 |
|
|
|a DLC
|b eng
|e rda
|c DLC
|d BD-DhAAL
|
| 042 |
|
|
|a pcc
|
| 082 |
|
|
|2 23
|a 370.1523
|
| 100 |
1 |
|
|a Bates, Bob,
|e author.
|9 55836
|
| 245 |
1 |
0 |
|a Learning theories simplified :
|b ...and how to apply them to teaching, 130+ theories and models from great thinkers /
|c Bob Bates.
|
| 250 |
|
|
|a Third edition
|
| 264 |
|
1 |
|a Thousand Oaks :
|b SAGE Publications,
|c 2023.
|
| 300 |
|
|
|a xxii, 359 pages :
|b illustrations ;
|c 24 cm.
|
| 526 |
|
|
|a ENH
|
| 541 |
|
|
|a Karim International
|e 41995
|
| 650 |
|
|
|a Educational psychology.
|
| 650 |
|
|
|a Education
|x Philosophy.
|
| 650 |
|
|
|a Learning
|x Philosophy.
|9 35262
|
| 852 |
|
|
|a Ayesha Abed Library
|c General Stacks
|
| 906 |
|
|
|a 0
|b ibc
|c orignew
|d 2
|e epcn
|f 20
|g y-gencatlg
|
| 942 |
|
|
|2 ddc
|c BK
|
| 999 |
|
|
|c 46181
|d 46181
|
| 952 |
|
|
|0 0
|1 0
|2 ddc
|4 0
|6 370_152300000000000_BAT
|7 0
|9 74845
|a BRACUL
|b BRACUL
|c GEN
|d 2023-12-02
|e Karim International
|g 3700.00
|l 1
|m 2
|o 370.1523 BAT
|p 3010041995
|r 2024-05-29
|s 2024-01-09
|t 1
|v 3700.00
|w 2023-12-02
|y BK
|